The ancient civilizations of Peru

Guardat en:
Dades bibliogràfiques
Autor principal: Mason, J. Alden (autor)
Format: Llibre
Idioma:anglès
Publicat: Harmondsworth Penguin Books 1957
Col·lecció:Pelican Books, A395
Matèries:
Etiquetes: Afegir etiqueta
Sense etiquetes, Sigues el primer a etiquetar aquest registre!

MARC

LEADER 00000nam a2200000 a 4500
001 UCO0983
003 CL-VaPUC
008 000505e19570000uk |||||||||||||||||eng|d
082 0 4 |a 985.01  |b MAS  |2 21 
100 |a Mason, J. Alden  |e autor  |9 442685 
245 1 4 |a The ancient civilizations of Peru 
300 |a 329 p 
942 |c BK 
945 |d 20000505 00:00:00  |a lriquelm 
260 |a Harmondsworth  |b Penguin Books  |c 1957 
600 0 7 |a INCAS  |2 CL-VaPUC  |9 342364 
650 0 |a Civilizaciones antiguas  |9 265998 
650 0 |a Descripciones y viajes  |9 262159 
650 0 |a Historia  |9 255047 
650 7 |a ORGANIZACION POLITICA  |2 CL-VaPUC  |9 257437 
650 0 |a Religión   |9 255164 
650 0 |a Artes  |9 268202 
651 0 |a Perú  |9 256567 
583 |a last modification  |c 20171204 02:12:35  |k Rodrigo Vera 
490 0 |a Pelican Books, A395 
999 |c 287618  |d 287616 
952 |0 0  |1 0  |4 0  |6 985_010000000000000_MAS_1957  |7 0  |8 A  |9 334552  |a BIBHIS  |b BIBHIS  |d 2019-11-20  |i 1257692  |o 985.01 MAS 1957  |p 1257692  |r 2025-01-20  |w 2019-11-20  |y BK  |k HIS